Washington international law journal

Detalles Bibliográficos
Título anterior:Pacific Rim law & policy journal
Autor Corporativo: University of Washington. School of Law
Formato: Electrónico Revista
Lenguaje:inglés
Publicado: Seattle, WA : University of Washington, 2015-
Materias:
Acceso en línea:Full text available from Research Library: 02/01/2006 to 4 months ago

MARC

LEADER 00000nas a2200000 i 4500
001 ssj0001574590
003 WaSeSS
005 20200512172242.0
006 m d
007 cr n
008 150122c20159999wautr p s g 0 a0eng
010 |a  2015200090 
022 |y 2377-0872 
035 |a (WaSeSS)ssj0001574590 
037 |b Washington International Law Journal Association, University of Washington, Law Library, William H. Gates Hall, Box 353020, Seattle, WA 98195-3020 
040 |a DLC  |b eng  |c DLC  |d PLL  |d OCLCO  |d CUS  |d DLC  |d OCLCF  |d YLS  |d CLU  |d DLC  |d OCL  |d COO  |d OCLCO  |d OCLCA  |d CUS  |d WaSeSS 
042 |a pcc  |a nsdp 
043 |a n-us-wa 
050 0 0 |a K16  |b .A265 
082 1 0 |a 340.1  |2 23 
222 0 |a Washington international law journal 
245 0 0 |a Washington international law journal  |h [electronic resource]. 
246 1 |a Wash. Int'l. L.J. 
260 |a Seattle, WA :  |b University of Washington,  |c 2015- 
310 |a Three times a year 
362 1 |a Began with Volume 24, number 1 (January 2015). 
506 |a License restrictions may limit access. 
588 |a Description based on: Volume 24, number 2 (April 2015); title from cover. 
588 |a Latest issue consulted: Volume 24, number 2 (April 2015). 
650 0 |a International law  |v Periodicals. 
650 0 |a Law reviews  |z Washington (State) 
650 7 |a International law.  |2 fast  |0 (OCoLC)fst00976984 
650 7 |a Law reviews.  |2 fast  |0 (OCoLC)fst00994120 
651 7 |a Washington (State)  |2 fast  |0 (OCoLC)fst01204703 
655 0 |a Electronic journals. 
710 2 |a University of Washington.  |b School of Law. 
780 0 0 |t Pacific Rim law & policy journal  |x 1066-8632  |w (DLC) 93658562  |w (OCoLC)25734715 
850 |a DLC  |a NNU-L 
856 4 0 |z Full text available from Research Library: 02/01/2006 to 4 months ago  |u https://search.proquest.com/publication/44992